000 00806nam a2200181 a 4500
001 001104793
003 AM-YeHGA
005 20250617151653.0
008 151007s1978 ||| r 000 0 rus d
040 _aAM-YeHGA
041 0 _arus
245 0 0 _aКомплексный подход к коммунистическому воспитанию молодежи :
_bРеспубликанской сборник научных трудов /
_cСмол. гос. пед. ин-т им. К. Маркса.
260 _aСмоленск :
_bБ. и.,
_c1978.
300 _a158 с.
653 0 _aКоммунистическое воспитание
710 2 _aСмоленский государственный педагогический институт им. Карла Маркса
090 _c357717
999 _c355899
_d355899